|
|
|
|
| LEADER |
00000naa2a2200000 4500 |
| 001 |
633278 |
| 005 |
20240119140010.0 |
| 035 |
|
|
|a (RuTPU)RU\TPU\conf\35026
|
| 035 |
|
|
|a RU\TPU\conf\35025
|
| 090 |
|
|
|a 633278
|
| 100 |
|
|
|a 20210708d2021 k y0rusy50 ca
|
| 101 |
0 |
|
|a rus
|
| 102 |
|
|
|a RU
|
| 105 |
|
|
|a y z 101zy
|
| 135 |
|
|
|a drcn ---uucaa
|
| 181 |
|
0 |
|a i
|
| 182 |
|
0 |
|a b
|
| 200 |
1 |
|
|a Реализация сбора данных в программном обеспечении стенда для испытания наносенсоров
|f В. Л. Ким, Д. И. Коваль
|
| 203 |
|
|
|a Текст
|c электронный
|
| 225 |
1 |
|
|a Автоматизация технологических процессов и производств
|
| 300 |
|
|
|a Заглавие с титульного экрана
|
| 320 |
|
|
|a [Библиогр.: с. 461 (3 назв.)]
|
| 463 |
|
0 |
|0 (RuTPU)RU\TPU\conf\34857
|t Молодежь и современные информационные технологии
|o сборник трудов XVIII Международной научно-практической конференции студентов, аспирантов и молодых учёных, 22-26 марта 2021 г., г. Томск
|f Национальный исследовательский Томский политехнический университет, Инженерная школа информационных технологий и робототехники ; под ред. Н. Г. Маркова [и др.]
|v [С. 460-461]
|d 2021
|
| 610 |
1 |
|
|a электронный ресурс
|
| 610 |
1 |
|
|a труды учёных ТПУ
|
| 610 |
1 |
|
|a реализация
|
| 610 |
1 |
|
|a сбор данных
|
| 610 |
1 |
|
|a программное обеспечение
|
| 610 |
1 |
|
|a стенды
|
| 610 |
1 |
|
|a наносенсоры
|
| 610 |
1 |
|
|a аппаратно-программные комплексы
|
| 610 |
1 |
|
|a медицинское назначение
|
| 610 |
1 |
|
|a наносенсоры
|
| 700 |
|
1 |
|a Ким
|b В. Л.
|c специалист в области информатики и вычислительной техники
|c профессор Томского политехнического университета, доктор технических наук
|f 1950-
|g Валерий Львович
|3 (RuTPU)RU\TPU\pers\26478
|9 12180
|
| 701 |
|
1 |
|a Коваль
|b Д. И.
|
| 712 |
0 |
2 |
|a Национальный исследовательский Томский политехнический университет
|b Инженерная школа информационных технологий и робототехники
|b Отделение информационных технологий
|3 (RuTPU)RU\TPU\col\23515
|
| 801 |
|
2 |
|a RU
|b 63413507
|c 20210809
|g RCR
|
| 856 |
4 |
|
|u http://earchive.tpu.ru/handle/11683/67974
|
| 942 |
|
|
|c BK
|